| 000 | 00618nam a2200241Ia 4500 | ||
|---|---|---|---|
| 003 | OSt | ||
| 005 | 20221007110159.0 | ||
| 006 | a|||||r|||| 00| 0 | ||
| 007 | ta | ||
| 008 | 221006b |||||||| |||| 00| 0 eng d | ||
| 024 | _a20,549 | ||
| 037 | _cTextual | ||
| 040 |
_aLCO _cLCO _beng |
||
| 041 |
_2eng _aeng |
||
| 082 | _aV1:2, K1 | ||
| 100 |
_aWood Robert C. _9707182 |
||
| 245 | 0 | _a1400 Governments | |
| 260 |
_aCambridge _bHarvard University Press USA _c1961 |
||
| 300 | _a267 | ||
| 650 |
_aGOVERNMENT _9702413 |
||
| 942 |
_hV1:2, K1 _cTEXL |
||
| 999 |
_c1190112 _d1190112 |
||